000 00275nam a22001097a 4500
999 _c532621
_d532621
082 _aA3 Se75s
100 _aSethi, Keval Krishna
_959156
245 _aShikari aur shikar
_cby Keval Krishna Sethi
260 _aBhopal
_bKevisa
_c2021
300 _a126p.
650 _aFiction
_959157